000 00598cam a2200217ua 4500
001 9451
008 150911n ii |||gr||||Z||||||asm
040 _cMAIN
041 _aasm
082 _a370
100 _aDeka, Kandarpa kumar,
_eAuthor.
245 1 _aSnatak mahalar adhunik shikshatatta aru shiksha niti
_cby kandarpa Kumar Deka
250 _a3rd rev. ed.
260 _aGuwahati:
_bAsom Book Depot,
_cAuthor.
300 _a448p.
653 _aEducation
653 _aEducational theory
700 _aSarma, Mukunda,
_eAuthor.
700 _aChakraborty, Abha Mishra,
_eAuthor.
942 _cBK
999 _c8502
_d8502